000 00321nam a22001337a 4500
008 171013b xxu||||| |||| 00| 0 eng d
020 _a144152101900269500000000
041 _aeng
080 _a316
100 _a50
101 _aSOC
245 _aTHE BLACKWELL COMPANION TO SOCIAL THEORY
_cTURNER,B.S
942 _2udc
_cBK
999 _c33576
_d33576